Solving higher-order equations : from logic to programming /

Bibliographic Details
Main Author: Prehofer, Christian, 1967-
Format: Book
Language:English
Published: Boston : Birkhauser, [1998]
Series:Progress in theoretical computer science.
Subjects:

MARC

Tag First Indicator Second Indicator Subfields
LEADER 00000cam a2200000 a 4500
001 in00001406431
005 20151020072658.0
008 970806s1998 mau b 001 0 eng
010 |a  97031142  
020 |a 0817640320 
020 |a 3764340320 
035 |a (OCoLC)37464280 
035 |9 AHQ3366AM 
040 |a DLC  |c DLC  |d TXA  |d UtOrBLW 
049 |a TXAM 
050 0 0 |a QA76.9.L63  |b P74 1997 
082 0 0 |a 005.13/1  |2 21 
100 1 |a Prehofer, Christian,  |d 1967- 
245 1 0 |a Solving higher-order equations :  |b from logic to programming /  |c Christian Prehofer. 
264 1 |a Boston :  |b Birkhauser,  |c [1998] 
264 4 |c ©1998 
300 |a vii, 186 pages :  |b illustrations ;  |c 25 cm. 
336 |a text  |b txt  |2 rdacontent 
337 |a unmediated  |b n  |2 rdamedia 
338 |a volume  |b nc  |2 rdacarrier 
490 1 |a Progress in theoretical computer science 
504 |a Includes bibliographical references (pages [163]-181) and index. 
650 0 |a Computer logic. 
650 0 |a Declarative programming. 
650 0 |a Logic, Symbolic and mathematical. 
830 0 |a Progress in theoretical computer science. 
948 |a c:jal 
999 |a MARS 
999 f f |s f5d65044-92a0-386f-b6e4-df4f1d2b1272  |i 8192436a-9d39-3638-ac9f-4342053d5e49  |t 0 
952 f f |p ric  |a Texas A&M University  |b Rellis Campus  |c Joint Library Facility  |d Remote Storage  |t 0  |e QA76.9.L63 P74 1997  |h Library of Congress classification  |i unmediated -- volume  |m A14823307397 
998 f f |a QA76.9.L63 P74 1997  |t 0  |l Remote Storage